| 000 | 01564nam0a2200373 4500 | ||
|---|---|---|---|
| 001 | RU\NLR\BIBL_A\012230403 | ||
| 005 | 20200727143947.0 | ||
| 010 |
_a978-5-00110-101-7 _9500 |
||
| 021 |
_aRU _bКН-П-20-000450 _9КН-П-20-0029 |
||
| 035 | _a(NLR Aleph) 012230403 | ||
| 035 | _a(RuMoRGB)010224611 | ||
| 090 |
_a10982529 _c10982529 |
||
| 100 | _a20200227d2019 k y0rusy50 ca | ||
| 101 | 0 | _arus | |
| 102 | _aRU | ||
| 105 | _aac||zzzz000zy | ||
| 181 | 0 |
_ai _baxxe |
|
| 182 | 0 | _an | |
| 200 | 1 |
_aРусская артиллерия и инженерное дело в конце XVII - первой четверти XVIII века _eмонография _fВ. Н. Бенда |
|
| 203 |
_aТекст _bвизуальный _cнепосредственный |
||
| 210 |
_aСанкт-Петербург _cМедиапапир _d2019 |
||
| 215 |
_a187 с. _cпортр., табл. _d21 |
||
| 300 | _aНа 187-й с. авт.: Бенда В. Н., д.ист.н., доц. | ||
| 320 | _aБиблиогр.: с. 169-186 и в подстроч. примеч. | ||
| 601 | 0 | 1 |
_aРоссия _bСухопутные войска _bАртиллерия _xИстория _z17 - 18 вв. _92445912 _3RU\NLR\AUTH\6601672378 |
| 606 | 1 |
_aВоенно-инженерное дело _91024671 _3RU\NLR\AUTH\6674459 |
|
| 686 | 1 | _aЦ54,8(2)0-1 | |
| 686 | 1 | _aЦ561 | |
| 700 | 1 |
_aБенда _bВ. Н. _gВладимир Николаевич |
|
| 942 | _cBOOK | ||
| 980 | _aNBR | ||
| 980 | _aNB | ||